[Event "Politiken zt"]
[Site "Munkebo"]
[Date "1998.09.17"]
[Round "3.2"]
[White "Akesson, Ralf"]
[Black "Gausel, Einar"]
[Result "1-0"]
[WhiteElo "2510"]
[BlackElo "2540"]
[Annotator "Mikhalevski,V"]
[PlyCount "102"]
[EventDate "1998.09.10"]
[EventType "k.o."]
[EventRounds "5"]
[EventCountry "DEN"]
[SourceTitle "CBM 067"]
[Source "ChessBase"]
[SourceDate "1998.11.30"]
[SourceVersion "2"]
[SourceVersionDate "1998.11.01"]
[SourceQuality "1"]

{[%mdl 4144]} 1. e4 {Hecht} e5 2. Nf3 Nc6 3. d4 exd4 4. Nxd4 Qf6 5. Be3 Bc5 6.
c3 Nge7 7. Bc4 Ne5 8. Be2 O-O 9. O-O Qg6 10. Nd2 (10. f4 $2 Qxe4 {0-1
Kradolfer,C-Coimbra,M/Eu Youth gu16, Mureck AUT 1998 (67)}) 10... d6 (10... d5
{is more popular.} 11. Bh5 {'!' Makarichev.} (11. Nf5 Bxf5 (11... Nxf5 12. Bxc5
Nh4 13. g3 Re8 14. Bh5 Qc6 15. Nb3 dxe4 16. gxh4 Bh3 17. Be3 Nf3+ 18. Kh1 Rad8
19. Nd4 Nxd4 20. cxd4 Bxf1 21. Qxf1 $13 {Bardelmeijer,N-Oranje,R/Soest op 1995/
1-0 (52)}) 12. Bxc5 Bh3 13. Bf3 Rfe8 14. Kh1 (14. Bxe7 Rxe7 15. exd5 Rd8 16.
Re1 c6 17. Nc4 f6 18. Nxe5 fxe5 19. Qa4 $16 {[%cal Ga4h4] Schmittdiel,
E-Enklaar,B/Bussum op 1995/1-0 (51)}) 14... dxe4 15. Bxe4 Bf5 16. Qc2 Bxe4 17.
Nxe4 Nf5 $11 {Oechslein,R-Wolf,V/BL8283 1983/1-0 (51)}) (11. Kh1 Ng4 12. Bxg4
Bxg4 13. f3 Bd7 (13... Bxd4 14. cxd4 Be6 $14 {Comp Mirage-Polgar,S/The Hague
AEGON 1997/0-1 (85)}) 14. Nf5 Nxf5 15. Bxc5 dxe4 16. fxe4 Ng3+ $1 17. hxg3 Bg4
18. Nf3 Qh5+ 19. Kg1 Qxc5+ $15 {Grosar,A-Cepon,D/SLO-ch 1992/1-0 (49)}) 11...
Qd6 (11... Qa6 $6 12. Nf5 (12. b4 Bxd4 13. Bxd4 N5c6 14. Bc5 Rd8 15. Qb3 Be6
16. b5 Qa5 17. Qa3 (17. bxc6 $5) 17... Qxb5 18. Bxe7 Nxe7 19. Qxe7 dxe4 20.
Nxe4 Qxh5 $17 {Ash,R-Lardizabal,R/World op 1995/1-0 (49)}) (12. N2b3 $1 Bd6 (
12... Bb6 13. Be2 Nc4 14. Bg5 f6 15. Bc1 $140 $16 dxe4 $2 16. Nd2 $18) (12...
Bxd4 13. Bxd4 $40) 13. Be2 Nc4 14. Bc1 $1 $40) 12... Nxf5 13. Bxc5 Nd6 14. exd5
Qb5 15. b4 Qd3 16. Bd4 $16 {1-0 Sulskis,S-Blucha,D/Karvina op 1992 (32)}) 12.
f4 (12. Kh1 Nc4 (12... Bb6 13. f4 Nd3 14. Qc2 Bxd4 15. cxd4 dxe4 16. Nxe4 Nb4
17. Qd2 Qc6 $13 {0-1 Stefansson,H-Barkhagen,J/Rilton Cup 1991 (41)}) (12...
N5g6 13. b4 Bb6 14. a3 dxe4 15. Nxe4 Qe5 16. Bxg6 Nxg6 17. Qc2 $11 {Bezemer,
A-Van de Oudeweetering,A/NLD-ch sf 1993/1-0 (75)}) 13. Nxc4 dxc4 14. Qa4 Qe5
15. Bf3 b5 $3 16. Qc2 Bb7 $15 {0-1 Kanefsck,G-Oro,L/Coronel Suarez op 1992 (41)
}) (12. Nc2 Be6 13. Bxc5 Qxc5 14. Nb3 Qb6 15. Re1 Rad8 $11 {0-1 Ostojic,
A-Sepulveda,L/WchJW-U14 1995 (49)}) 12... N5c6 (12... Nc4 13. Nxc4 dxc4 14. Qe2
Bxd4 15. Bxd4 b5 16. Qe3 $16 {0-1 Husson,C-Fruteau,S/FRA-chW 1993 (51)}) 13. e5
(13. Kh1 a6 14. exd5 Qxd5 15. Bf3 Qd7 16. N2b3 Ba7 17. Qc2 Nd5 18. Bxd5 Qxd5
19. Rad1 Bg4 20. Nf3 Qc4 21. Bxa7 Rxa7 22. Ng5 g6 23. Rde1 Nb4 24. Qf2 Nc6 25.
Na5 Nxa5 26. Qxa7 Qxa2 27. Qc5 Nc6 28. f5 Rd8 29. fxg6 fxg6 30. h3 Bf5 31. c4
Qxb2 32. Rxf5 Qb4 33. Qxb4 Nxb4 34. Rfe5 Rf8 35. Kh2 c6 36. Re7 b6 37. Rxh7 Nd3
38. Ree7 Rf7 39. Rexf7 {0-1 Rezek,A-Schwarzinger,D/EU-chJW U18 1997}) 13... Qh6
(13... Qd8 14. N2b3 Bb6 15. a4 (15. Bf3 Nxd4 16. cxd4 f5 17. Rc1 $14 {Sofronie,
I-Cozianu,C/ROM-chJW 1993/1/2-1/2 (60)}) 15... Nf5 16. Nxf5 Bxf5 17. Bxb6 axb6
18. Bf3 Be6 19. Rf2 $14 {[%cal Gf2d2] 0-1 Paraminski,A-Mihalincic,I/Open 
(Women), Zadar CRO 1997 (39)}) 14. N2b3 (14. Qe2 Bxd4 (14... f5 15. Bf3 Be6 16.
N2b3 Bb6 17. a4 Nxd4 18. cxd4 a5 19. Qd2 Nc6 20. Rac1 $14 {Weeramantry,
S-Lapshun,Y/Saratoga Springs op 1997/1/2-1/2 (72)}) 15. Bxd4 $8 Nxd4 16. cxd4 {
[%cal Gd2b3]} g6 17. Bg4 Bxg4 18. Qxg4 Nf5 $15 {[%cal Gf5d4,Gf5e3] 0-1 Muller,
F-Scheipl,R/FRG-ch 1972 (37)}) 14... Bxd4 15. Bxd4 ({Makarichev} 15. cxd4 Nf5
16. Bd2 $1 (16. Bf2 $2 Qxf4) 16... Qe6 (16... Ncxd4 17. Nxd4 Nxd4 18. f5 $1 (
18. Bb4 $2 Ne2+ $1 19. Bxe2 Qb6+ $15) 18... Qb6 (18... Qa6 19. f6 $1 $16 (19.
Bb4 Qb6 20. Bxf8 Kxf8 21. Kh1 Bxf5 $13)) 19. Be3 c5 20. Bxd4 (20. f6 $6 g6 21.
Bxd4 (21. Qc1 Kh8 (21... Ne6 22. Bg4 d4 23. Bf2)) 21... cxd4 22. Qd2 Kh8 23.
Qh6 Rg8 $13) 20... cxd4 21. Qd2 d3+ 22. Kh1 Qd4 23. Rae1 $16) 17. Rf2 $1 (17.
Bc3 $4 Ne3) 17... g6 (17... Ncxd4 $2 18. Nxd4 Nxd4 19. Bb4 $16) 18. Bg4 h5 19.
Bxf5 $1 Qxf5 20. Rc1 {xc7/} Be6 21. Rc3 $1 Rac8 22. Rg3 $18 {1-0 Rublevsky,
S-Peng Xiaomin/Erevan olm 1996 (32)}) 15... Nxd4 16. cxd4 Nf5 (16... a5) 17.
Rf2 $13 {1-0 Azmaiparashvili,Z-Aleksandrov,A/Groningen 1997/CBM 63(42)}) 11.
Bh5 Qf6 12. Kh1 $146 ({White played} 12. f4 {in all previous games.} N5c6 13.
Kh1 $5 $146 {Unique Kasparov's idea.} (13. N2b3 Bb6 14. Kh1 (14. Qd2 Qh4 15.
Bf3 f5 16. Rae1 fxe4 17. Bxe4 $14 {1-0 Sveshnikov,E-Yandemirov,V/Elista 1995/
CBM 50 (73)}) (14. Bf3 a5 15. a4 Be6 16. Ra3 Bc4 17. Re1 Rad8 18. Kh1 Ng6 19.
g3 Nge5 20. Be2 Qg6 21. Nd2 Bxe2 22. Qxe2 Nxd4 23. Bxd4 Nd7 24. Nc4 $14 {
1/2-1/2 Milov,L-Safin,S/Dieren 1997/EXT 97 (40)}) 14... Ng6 15. Qd2 Qh4 16. Bf3
Bg4 17. a4 Rae8 18. Nxc6 Bxf3 19. Rxf3 bxc6 20. Bxb6 axb6 21. Re1 f5 $15 {
[%csl Re4,Rf4] 0-1 Blauert,J-Slobodjan,R/BL2-N 1992/BL2 (34)}) 13... Nxd4 14.
cxd4 Bb6 (14... Bxd4 15. e5 $1 {The point of Kasparov's idea.Capture on e5
leads to the preferable position for White.} dxe5 16. fxe5 Qxe5 (16... Qh4 17.
g3) 17. Nc4 $1 Qd5 (17... Qc5 18. Bxd4 Qxc4 19. Rc1) 18. Bxd4 Qxc4 19. Rc1 $1 {
[%csl Rc7] and White is better.}) 15. Nc4 d5 16. e5 Qe6 17. Nxb6 axb6 18. Bf3
f5 19. Qb3 Bd7 20. Rfc1 Bc6 21. Bd2 Ng6 22. Qe3 Rfe8 23. b3 Qd7 24. a4 $14 {
1-0 Kasparov,G-Sorin,A/Buenos Aires 1997/EXT 97 (54)}) 12... Qh4 $1 {[%cal
Gc8g4]} 13. f4 Bg4 (13... Ng4 $5 14. Bxg4 Bxg4 15. Qb3 Bb6 $11) 14. Bxg4 Nxg4
15. Bg1 {[%cal Gh2h3]} f5 $5 16. N2f3 (16. Qb3+ $5 Kh8 17. N2f3 (17. N4f3 Qh6
$1 {[%cal Gh6f4]} 18. Bxc5 dxc5 {[%cal Ga8d8,Gh6f4]}) 17... Qh5 (17... Qh6 18.
Qxb7 (18. e5 $5 {[%cal Gd4e6]}) 18... fxe4 {[%csl Rf4]} 19. Qxe4 d5 20. Qe6
Qxf4 $140 $2 21. Ne2 $18 {[%csl Rc5,Rg4]}) 18. e5 $1 $14 {[%cal Gd4e6]} (18.
Qxb7 fxe4 19. Qxe4 Rae8 $36 {[%cal Ge7f5,Gf5g3]})) 16... Qh5 17. exf5 (17. Qb3+
{see 16.Qb3}) 17... Nxf5 {[%cal Gf5g3]} 18. Nxf5 Qxf5 19. Qb3+ Kh8 20. Bxc5 (
20. Qxb7 Rab8 (20... Bxg1 21. Kxg1 (21. Nxg1 Rab8 22. Qxa7 Rxb2 {[%csl Rg2]
[%cal Gf5c2]} 23. Nh3 $1 Qc2 $15 {[%cal Gc2g2,Gc2c3]}) 21... Qxf4 {[%cal Gf4e3]
} 22. Rae1 Qc4 $1 {[%cal Ga8b8]} (22... Rab8 23. Qxc7 Rxb2 24. Qxa7) 23. Qe4 $1
(23. Re4 $140 $6 Qc5+) 23... Qxe4 24. Rxe4 Nf6 25. Re7 Nd5 26. Rd7 $14) 21.
Qxc7 Rxb2 $36) 20... Qxc5 {[%cal Gg4f2]} 21. Nd4 Qb6 (21... Rae8 $5 {leads to
unclear position after} 22. Qxb7 Qh5 (22... Rb8 $2 23. Qf3) 23. h3 (23. Nf3
Rxf4 {[%cal Gf4f3]}) 23... c5 24. Nb5 (24. Nf3 $5) 24... Rb8 $1 (24... Re2 25.
Qf3 Rxb2 26. Nxd6 $16) 25. Qa6 (25. Qc6 Rb6) (25. Qd7 Nf6 $1 26. Qxd6 $140 Ne4
{[%csl Rb5,Rg3][%cal Ge4g3]} 27. Qd3 Qf5 $1 {[%cal Ge4f2,Gc5c4]} 28. Qc4 $8 (
28. Rad1 c4 $1 {[%csl Rb5]}) 28... Ng3+) 25... Rb6 26. Qa5 $13) 22. Rae1 ({
Worse is} 22. Qxb6 axb6 {as White will have to spend time for a2-a3.}) 22...
Qxb3 23. axb3 $14 {White is slightly better as the e-file is in his possession
and the e6 square is weak.} Rf7 ({The tries to fight for e-file are doomed for
failure:} 23... Rae8 $2 24. Ne6 Rf7 25. Nxc7 $1 $16) (23... Rfe8 $2 24. Nb5 $1
{[%csl Rc7]} Nf2+ 25. Kg1 Nd3 (25... Rxe1 26. Rxe1 Nd3 27. Re7 $16) 26. Rd1 $1
Nxb2 $140 27. Rd2) (23... Nf6 $5 24. Re7 $140 Nd5) 24. b4 $1 {[%cal Gg2g3,
Gh1f3] White is improving the pawn structure on the queen side and preparing
strenghening position on another side.} a6 {Black is afraid of b4-b5.} 25. g3 {
[%cal Gh1g2,Gg2f3]} Nf6 {[%cal Gc7c5,Ga6a5]} 26. Nb3 $1 {[%cal Gb3a5]
preventing a6-a5 and c7-c5 which could relieve the defence and preparing Na5
in order to weaken pawn structure on the queen side.} d5 {[%csl Rc5,Re5][%cal
Gf6e4] Black tries to create counterplay in the centre,but weakens the
position more and more.} 27. Re5 $1 {[%cal Gf1e1,Gh1g2,Gg2f3]} Re8 (27... Ng4 {
is senseless because of} 28. Re6 ({but not} 28. Rxd5 $4 Ne3)) 28. Nc5 $1 $16 {
Now an exra pawn on the queen side is becoming inessential and White's
advantage is out of any doubt.} c6 29. Rxe8+ (29. Rfe1 $5 Rxe5 30. fxe5 Re7 (
30... Ne8 31. Kg2 $16) 31. Nxb7 $1 Rxb7 (31... Ne4 32. Nd8 $1 $18) 32. exf6
gxf6 33. Re6 $16) (29. Kg2 $5) 29... Nxe8 {Hecht: '[#] Ideeler weißer
Mehrbauer durch paralysierten schwarzen Damenflügel. Weißer Raumvorteil und
bewegliche Bauernmajorität am Königsflügel.'} 30. Re1 Nf6 31. Re6 (31. Kg2 $5 {
[%cal Gg2f3]}) 31... Kg8 32. Kg2 {Now White centralizes the king preparing
pawn attack on the king side.} h5 33. Kf3 Rc7 34. h3 Kf7 35. f5 Nd7 (35... g6 {
Hecht} 36. Kf4 {[%csl Rf6,Rg6][%cal Rf4g5]}) (35... g5 {Hecht} 36. h4 gxh4 37.
gxh4 {[%csl Rf6,Rh5][%cal Yf3f4,Yf4g5]}) 36. Kf4 $5 Nf6 (36... Nxc5 {doesn't
relieve the defence as after} 37. bxc5 {queen side is paralised and White's
extra pawn on the king side decides.}) 37. g4 hxg4 38. hxg4 d4 {Last attempt
to create counterplay.} 39. c4 $1 $18 {[%csl Rd4] White takes under control
the d5 square and last Black's hope is falling.} b6 40. Nd3 {[%cal Gd3e5]} Nd7
41. Rd6 (41. c5 $5) 41... Ke7 {'?' Hecht.} ({or} 41... c5 42. bxc5 bxc5 (42...
Nxc5 43. Ne5+ Ke7 44. Rxb6) 43. Rxa6 Rb7 44. g5 $1 Rb3 $140 45. Ke4 {and White
wins.}) (41... c5 $142 {Hecht}) 42. Rxd4 c5 43. bxc5 Nxc5 44. Ne5 $1 Nb3 45.
Rd3 Na5 46. b3 b5 47. cxb5 axb5 48. Kg5 Nb7 49. Kg6 Kf8 50. g5 b4 51. f6 gxf6 (
51... gxf6 52. gxf6 {[%cal Gd3h3] Very good technics of endgame has decided
the game.}) 1-0

[Event "Cancan Veterans-Women"]
[Site "Roquebrune"]
[Date "1998.09.17"]
[Round "10"]
[White "Arakhamia Grant, Ketevan"]
[Black "Spassky, Boris Vasilievich"]
[Result "0-1"]
[WhiteElo "2420"]
[BlackElo "2545"]
[Annotator "Mikhalevski,V"]
[PlyCount "68"]
[EventDate "1998.09.07"]
[EventType "schev"]
[EventRounds "12"]
[EventCountry "FRA"]
[SourceTitle "CBM 067"]
[Source "ChessBase"]
[SourceDate "1998.11.30"]
[SourceVersion "2"]
[SourceVersionDate "1998.11.01"]
[SourceQuality "1"]

{[%mdl 10280]} 1. e4 e5 2. Nf3 Nc6 3. d4 exd4 4. Nxd4 Bc5 5. Be3 Qf6 6. c3 Nge7
7. Bc4 Bb6 {Let's take a little tour to history.For the first time this move
was introduced by W.Steinitz in the 7-th game of his second match against S.
Dubois in 1862!He lost this game,but the opening wasn't a reason of his lost.
So two games later in the 9-th game he comes with a novelty and wins the game.
This was the beginning of its popularity...} 8. O-O O-O (8... d6 {Steinitz's
novelty.} 9. Kh1 (9. Nb5) 9... Ne5 10. Be2 h5 11. f4 Ng4 12. Bg1 Nc6 13. Na3 g5
14. fxg5 Qxg5 15. Nc4 Bd7 16. Nxb6 axb6 17. Nf5 O-O-O 18. b4 Rdg8 19. Bf3 Nce5
20. a4 Bc6 21. b5 Nxf3 22. Qxf3 Ne5 23. Qe2 Bd7 24. Ra2 $2 Be6 $19 {[%cal
Ge6c4,Gc4a2] and Steinitz won this untypical for him game after 30 moves 0-1
Dubois,S-Steinitz,W/London 1862/HCL 19 (54)}) 9. Nc2 {Was introduced by
Kasparov-the second World Champion that has interfered in the theoretical
dispute...Anand: An excellent way to rearrange his pieces - Ne3,f4,Nd2(a
comment to Kasparov-Short)} ({Other options are:} 9. f4 d6 (9... Nxd4 10. Bxd4
d6 11. Rf2 Qh6 12. Na3 Be6 13. Qf3 Nc6 14. Bxb6 axb6 15. Bd5 Rae8 16. Nc2 $14 {
1-0 Chernyshov,K-Haba,P/Stare Mesto 1992/EXT 92 (28)}) 10. Qd3 Be6 11. Bb5 d5
12. e5 Qg6 13. Qd2 Nxd4 14. cxd4 Nf5 15. Qf2 Nxe3 16. Qxe3 Qe4 17. Qxe4 dxe4
$19 {[%csl Rd4] Not a bad position to get after the opening.Surprisingly
Steinitz has succeeded  to lose this position in only twelve moves!1-0 Dubois,
S-Steinitz,W/London 1862/HCL 19 (29)}) (9. Bb3 Rd8 {[%cal Gd7d5]} (9... d6 {
Hansen,Cu} 10. Kh1 Nxd4 11. cxd4 Nc6 12. Nc3 Bxd4 13. Nd5 Qe5 14. Bxd4 Qxd4 15.
Nxc7 $16 {Dolmatov-Yusupov (10)/Wijk cm 30'/1991/1/2-1/2/}) (9... Na5 10. Nc2
Qg6 11. Re1 d6 12. Nd2 Nxb3 $10 {Nijboer-Van der Wiel/NLD-ch/1991/}) 10. Qh5 h6
11. Nb5 Ba5 12. Nd2 $14 {1-0 Antonio,R-Ye Rongguang/Cebu 1992/CBM 31 (43)}) (9.
Kh1 Rd8 10. Qh5 h6 11. Nd2 d5 12. exd5 Nxd4 13. cxd4 Bf5 $1 $44 {1/2-1/2
Kasparov,G-Kamsky,G/Tilburg 1991/CBM 26 (40)}) (9. Na3 {Schussler} Nxd4 $5 (
9... Qg6 10. Nxc6 bxc6 11. Re1 d6 12. Qd2 Bb7 13. Rad1 h6 14. Nc2 Rad8 $13 {
Leko,P-Van der Sterren,P, Nettetal 1992.}) 10. cxd4 d5 11. exd5 Rd8 12. Qh5 h6
13. Rfe1 Bf5 14. Qf3 Rd7 $1 15. Nb5 Rad8 $10 {Chandler,M-Short,N (2)/Eng-ch m/
1991/1/2-1/2/57 CBM 28/1} 16. Nc3 Bxd4 17. Bxd4 Qxd4 18. Bb5 $13) 9... Qg6 ({
Anand} 9... d6 10. Bxb6 axb6 11. f4 g5 {At this point Kasparov had to put on
his glasses! The move itself is not so bad if followed up carefully} (11... Be6
$5 {Hansen,Cu}) 12. f5 Ne5 13. Be2 Bd7 14. c4 Ba4 $1 (14... g4 $2 {This is
really bad because it not only fails to disrupt white's development but also
concedes the f4 square- an ideal square for white's king in the endgame} 15.
Nc3 h5 16. Qd2 Kh8 17. Qf4 Bc6 18. Ne3 Nd7 {What else? White can play a4,b4 etc
} (18... Rg8 $13 {Hansen,Cu}) 19. Bxg4 hxg4 20. Nxg4 Qh4 (20... Qd4+ {Hansen,Cu
} 21. Kh1 {/\Qh6+f5-f6}) 21. Rf3 Ng6 22. Qe3 Qxg4 23. Qh6+ $18 {[%cal Gf3h3,
Gf3g3] 1-0 Kasparov,G-Short,N/Linares 1992/CBM 28 (48)}) 15. b3 Bc6 16. Qd4 Kh8
17. Nc3 $14) 10. Nd2 ({Alternative is} 10. Bxb6) 10... Na5 $5 $146 {Only this
move is a novelty and at the same time a contribution of the third World
Champion(after Steinitz and Kasparov) in 7...Bb6 variation.The idea is to
drive White's bishop out of the a2-g8 diagonal to make the d7-d5 advance
possible.} (10... Ne5 $5 11. Be2 (11. Bb3) 11... d5 12. Bh5 Qf6 13. exd5 Nxd5
14. Ne4 Qd8 15. Bxb6 axb6 16. Qd4 Nc6 17. Qd2 Nde7 (17... Bf5 $5 $11) 18. Rfd1
Qxd2 19. Rxd2 Be6 20. a3 h6 $11 {1/2-1/2 Enguidanos Gimeno,S-Destruels Moreno,
V/Pref 1992/EXT 97 (38)}) (10... d5 $2 11. exd5 (11. Bxb6 $142 $1 axb6 (11...
dxc4 12. Bxc7) 12. Bxd5 $16) 11... Bf5 12. Nd4 $14 {1-0 Juarez,A-Farah,R/
Buenos Aires 1995/EXT 97 (52)}) 11. Be2 d5 12. Bxb6 axb6 13. e5 Nac6 14. f4 f6
$1 {Changing strong central pawn Black equalizes.} 15. exf6 (15. Bh5 {is
senceless in view of} Qh6) 15... Qxf6 16. Nb3 Qd6 $1 {[%cal Gf8f4] Black is
protecting the d5 pawn to free knight on e7 and at the same time starting
concrete play to change his knight on c6 which is out of play.} (16... Bf5 $5)
17. Qd2 Bf5 {[%cal Gf5c2]} 18. Ncd4 ({or} 18. Ne3 Be4 {[%cal Gf8f4]}) 18...
Nxd4 19. Nxd4 Be4 $15 {Black is already slightly better thanks to advantage in
the centre(d5 pawn) and the weak points e4 and e3.} 20. Bg4 {[%cal Gg4e6]} Rf6
21. g3 h6 22. a3 c5 23. Nf3 Nc6 24. Rad1 Rd8 {Black has srengthened his
position,but still doesn't have real plan.} 25. Qe2 (25. b4 $5 {[%csl Re5]
[%cal Gb4b5]}) 25... c4 $6 {[%cal Ge4d3] Very responsible move.Black
hopelessly weaken d4 square trying to create one-move threat.Probably
time-trouble has interfered in the normal course of the game.} 26. Qe3 (26. Qf2
$5 Qc5 $140 27. Nd4) 26... Qc5 (26... Bd3 27. Rfe1 $140 d4 {looks dubious in
view of simple} 28. cxd4 Nxd4 29. Nxd4 Qxd4 30. Qxd4 Rxd4 31. Re7 {and White
is clearly better.} (31. Be6+ Kh7 32. Bxc4 Rxc4 33. Rxd3 Rc2 34. Re7 Rxb2 35.
Rdd7 Rc6 $132)) 27. Rfe1 (27. Nd4 $5) 27... Bxf3 28. Qxc5 $4 {White has
complitely missed Black's answer.Now the game is over.} (28. Bxf3 {was
necessary.} d4 (28... Re6 $5 29. Qf2 Red6) 29. cxd4 Nxd4 30. Kh1 $1 (30. Bxb7
Re6 31. Be4 (31. Qf2 Re2 $1 32. Rxd4 Rxe1+ $1) 31... Ne2+ $1 32. Kf2 Rxd1 $1
33. Qxc5 (33. Rxd1 Rxe4 34. Qxc5 bxc5 35. Re1 c3 $1 $19) 33... bxc5 34. Bf5 $1
Red6 35. Rxe2 Kf7 $15) 30... Re6 31. Qc3 $1 {and thanks to the pin along the
d-file White is better.}) 28... Bxd1 $1 $19 29. Qxb6 Bxg4 30. Qxb7 Rb8 31. Qc7
Rxb2 32. a4 Bh3 33. a5 Rg2+ 34. Kh1 Ra2 0-1